Central Library OPAC University of Rajshahi

The English novel / (Record no. 84546)

MARC details
000 -LEADER
fixed length control field 00696nam a2200229 a 4500
001 - CONTROL NUMBER
control field 84546
003 - CONTROL NUMBER IDENTIFIER
rucl marc code BD-RjUL
005 - DATE AND TIME OF LATEST TRANSACTION
control field 20241221153214.0
008 - FIXED-LENGTH DATA ELEMENTS--GENERAL INFORMATION
fixed length control field 23 s1962 nyuh b 000 1 eng
035 ## - SYSTEM CONTROL NUMBER
System control number (BD-RjUL) 84546
040 ## - CATALOGING SOURCE
Original cataloging agency DLC
Transcribing agency OClW
Modifying agency BD-RjUL
Language of cataloging eng
041 ## - LANGUAGE CODE
Language code of text/sound track or separate title eng
082 ## - DEWEY DECIMAL CLASSIFICATION NUMBER
Edition number 23
Classification number 823.09
Author mark and year SAE 1913
100 1# - MAIN ENTRY--PERSONAL NAME
Personal name Saintsbury, George
9 (RLIN) 164673
245 14 - TITLE STATEMENT
Title The English novel /
Statement of responsibility, etc. George Saintsbury
260 ## - PUBLICATION, DISTRIBUTION, ETC. (IMPRINT)
Place of publication, distribution, etc. London :
Name of publisher, distributor, etc. J.M.Dent,
Date of publication, distribution, etc. 1913
300 ## - PHYSICAL DESCRIPTION
Pagination 319 p. :
Illustrations ill. ;
Size 22 cm.
504 ## - BIBLIOGRAPHY, ETC. NOTE
Bibliography, etc Includes bibliography.
650 #0 - SUBJECT ADDED ENTRY--TOPICAL TERM
Topical term or geographic name as entry element English fiction
Chronological subdivision 18th century
General subdivision History and criticism.
9 (RLIN) 163209
Topical term or geographic name as entry element English fiction
Chronological subdivision 18th century
Form subdivision Bibliography.
9 (RLIN) 164674
942 ## - ADDED ENTRY ELEMENTS (KOHA)
Source of classification or shelving scheme Dewey Decimal Classification
Koha item type Books
Holdings
Lost status Source of classification or shelving scheme Damaged status Not for loan Collection code Permanent Location Current Location Shelving location Date acquired Total Checkouts Full call number Date last seen Copy number Koha item type
  Dewey Decimal Classification   Not For Loan Fiction Central Library, University of Rajshahi Central Library, University of Rajshahi Fiction 21/12/2024   823.09 SAE 1913 21/12/2024 C-1 Books